000 00303nam a22001457a 4500
003 SGT
082 _a633
_bSHA
100 _aSHARMA,YOGESH KUMAR
245 _aHANDBOOK OF TOURISM
250 _a1ST
260 _aINDIA
_bPOINTER PUB.
_c2017
300 _a216
650 _aTOURISM
942 _2ddc
_cBK
999 _c28559
_d28559